| 000 | 01768cam a2200397 a 4500 | ||
|---|---|---|---|
| 001 | 16455627 | ||
| 003 | EG-ScBUE | ||
| 005 | 20220703092236.0 | ||
| 006 | m||||fq||h ||||||| | ||
| 008 | 100913s2010 enka f 001 0 eng d | ||
| 020 | _a9780521136204 | ||
| 040 |
_aDLC _beng _erda _cDLC _dEG-ScBUE |
||
| 082 | 0 | 4 |
_a428.24 _bMCC _222 |
| 100 | 1 |
_aMcCarthy, Michael, _d1947- _eauthor. _929138 |
|
| 245 | 1 | 0 |
_aEnglish vocabulary in use : _belementary : with answers and CD-Rom / _cMichael McCarthy, Felicity O'Dell. |
| 246 | 3 | 4 |
_aEnglish vocabulary in use : _belementary : with answers and CD-Rom : 60 units of vocabulary reference and practice : self-study and classroom use |
| 250 | _aSecond edition. | ||
| 264 | 1 |
_aCambridge : _bCambridge University press, _c2010. |
|
| 300 |
_a174 pages : _billustrations ; _c27 cm + _e1 CD |
||
| 336 |
_2rdacontent _atext _btxt |
||
| 336 |
_2rdacontent _asounds _bsnd |
||
| 337 |
_2rdamedia _aunmediated _bn |
||
| 337 |
_2rdamedia _aaudio _bs |
||
| 338 |
_2rdacarrier _avolume _bnc |
||
| 338 |
_2rdacarrier _acomputer disc _bcd |
||
| 500 | _aIncludes index. | ||
| 520 | _aTest Your English Vocabulary in Use Elementary 2nd edition can be used on its own or with the companion volume English Vocabulary in Use Elementary 2nd edition. It is a handy book of tests covering the vocabulary practised in English Vocabulary in Use Elementary 2nd edition | ||
| 590 | _aHAGER | ||
| 650 | 7 |
_aEnglish language _vTextbooks for foreign speakers. _2BUEsh _929139 |
|
| 650 | 7 |
_aVocabulary _vProblems, exercises, etc. _2BUEsh _929140 |
|
| 653 |
_bHHUUEENN _cJuly2019 |
||
| 655 |
_vReading book _934232 |
||
| 700 | 1 |
_aO'Dell, Felicity, _d1947- _eauthor. _929141 |
|
| 942 |
_2ddc _cBB |
||
| 999 |
_c16526 _d16526 |
||